000 00280nam a22001337a 4500
008 170802b xxu||||| |||| 00| 0 eng d
020 _a9780534641207
041 _aeng
080 _a004
100 _a32
101 _aSHK
245 _aCOGLAB
_cSURPRENANT,A.M
942 _2udc
_cBK
999 _c22495
_d22495